Statistics for Civil Wars Since 1800

Click here to take the quiz!

General Stats

  • This quiz has been taken 41 times
  • The average score is 7 of 15

Answer Stats

YearsContinentAnswer% Correct
1936-1939EuropeSpain
95%
1861-1865North AmericaUSA
89%
1814-1880South AmericaArgentina
82%
1891South AmericaChile
74%
1839-1851South AmericaUruguay
63%
1947South AmericaParaguay
63%
1918EuropeFinland
47%
1967-1975AsiaCambodia
42%
1824-1825EuropeGreece
39%
1922-1923EuropeIreland
39%
1967-1970AfricaNigeria
39%
1975-2002AfricaAngola
29%
1983-2009AsiaSri Lanka
21%
1996-2006AsiaNepal
18%
1963-1967AsiaCyprus
5%

Score Distribution

Percentile by Number Answered

Percent of People with Each Score

Your Score History

You have not taken this quiz